Encoding Images and Sounds.
Learn how some data can be compressed beyond the minimum amount of information required by the entropy of the source. Typically used for images, music, and video, these techniques drastically reduce the size of a file without significant loss of quality. See how this works in the MP3, JPEG, and MPEG...
| Corporate Authors: | , |
|---|---|
| Format: | Video |
| Language: | English |
| Language Notes: | In English |
| Published: |
[San Francisco, California, USA] :
The Great Courses,
2015.
Kanopy Streaming, 2016. |
| Subjects: | |
| Online Access: | Connect to this streaming video |
MARC
| Tag | First Indicator | Second Indicator | Subfields |
|---|---|---|---|
| LEADER | 00000cgm a22000004a 4500 | ||
| 001 | in00003752113 | ||
| 006 | m o c | ||
| 007 | cr una---unuuu | ||
| 007 | vz uzazuu | ||
| 008 | 160825p20162015cau030 o vleng d | ||
| 005 | 20260324170635.8 | ||
| 028 | 5 | 2 | |a 1198244 |b Kanopy |
| 035 | |a (OCoLC)956906939 | ||
| 035 | |a (CaSfKAN)kan1198244 | ||
| 040 | |a VDU |b eng |c VDU |d UtOrBLW | ||
| 245 | 0 | 0 | |a Encoding Images and Sounds. |
| 264 | 1 | |b The Great Courses, |c 2015. | |
| 264 | 1 | |a [San Francisco, California, USA] : |b Kanopy Streaming, |c 2016. | |
| 300 | |a 1 online resource (streaming video file) (31 minutes): |b digital, .flv file, sound | ||
| 306 | |a 003015 | ||
| 336 | |a two-dimensional moving image |b tdi |2 rdacontent | ||
| 337 | |a computer |b c |2 rdamedia | ||
| 338 | |a online resource |b cr |2 carrier | ||
| 500 | |a Title from title frames. | ||
| 500 | |a Film | ||
| 518 | |a Originally produced by The Great Courses in 2015. | ||
| 520 | |a Learn how some data can be compressed beyond the minimum amount of information required by the entropy of the source. Typically used for images, music, and video, these techniques drastically reduce the size of a file without significant loss of quality. See how this works in the MP3, JPEG, and MPEG formats.. | ||
| 538 | |a Mode of access: World Wide Web. | ||
| 546 | |a In English | ||
| 500 | |a Electronic resource. | ||
| 650 | 0 | |a Engineering. |0 http://id.loc.gov/authorities/subjects/sh85043176 | |
| 650 | 0 | |a Technology. |0 http://id.loc.gov/authorities/subjects/sh85133147 | |
| 653 | |a Computer Science & IT | ||
| 655 | 7 | |a Internet videos. |2 lcgft |0 http://id.loc.gov/authorities/genreForms/gf2011026337 | |
| 655 | 7 | |a Educational films. |2 lcgft |0 http://id.loc.gov/authorities/genreForms/gf2011026219 | |
| 710 | 2 | |a Great Courses (Firm),$4dst. | |
| 710 | 2 | |a Kanopy (Firm),$4dst. | |
| 856 | 4 | 0 | |u http://proxy.library.tamu.edu/login?url=https://texasam.kanopystreaming.com/node/198245 |z Connect to this streaming video |t 0 |
| 999 | f | f | |s ba53dfba-3e82-346a-bfaa-e263cd9d1780 |i 7da2cbe0-6541-3a9e-a0d9-631bfa356cb4 |t 0 |
| 952 | f | f | |a Texas A&M University |b College Station |c Electronic Resources |s www_evans |d Available Online |t 0 |h No information provided |
| 998 | f | f | |t 0 |l Available Online |